| 000 | 00783nam a2200205 a 4500 | ||
|---|---|---|---|
| 003 | 0 | ||
| 005 | 20250315094628.0 | ||
| 008 | 071127s19uu xx 00 eng d | ||
| 050 |
_aPGS BF 723.B5.P44 _b.M978 2007 |
||
| 100 | _aMurphy, Peter Amiel A. | ||
| 245 |
_aBirth order and peer relationships of grade 6 students in SISC / _cPeter Amiel A. Murphy. |
||
| 260 |
_aLas PiƱas City, Philippines : _bSouthville International School and Colleges, _c2007. |
||
| 300 |
_a80 pages : _billustrations ; _c28 cm. |
||
| 504 | _aIncludes bibliographical references. | ||
| 650 |
_aBirth order _vPsychological aspects. |
||
| 650 | _aPeer relationships in children. | ||
| 650 | _aSocial interaction in children. | ||
| 650 |
_aMiddle school students _vSocial conditions. |
||
| 942 |
_2lcc _cPASS |
||
| 999 |
_c97752 _d97752 |
||